| 000 | 00433nam a2200169 a 4500 | ||
|---|---|---|---|
| 001 | 000022161 | ||
| 005 | 20200930011616.0 | ||
| 008 | 100917s1988 dr 000 0 spa d | ||
| 040 |
_aDO-SdBNP _bspa _cBNPHU |
||
| 082 |
_axxx _bH471p |
||
| 100 | 1 |
_aHeinsen, Franz _938463 |
|
| 245 | 1 | 0 |
_aPaz interior / _cFranz Heinsen. |
| 250 | _a3a ed. | ||
| 260 |
_aSanto Domingo : _bTaller, _c1988. |
||
| 300 |
_a104 p. ; _c18 cm. |
||
| 049 | _aBNPD | ||
| 999 |
_c21659 _d21659 |
||